|
|
|
|
| LEADER |
00000cam a2200000 i 4500 |
| 001 |
1/96876 |
| 008 |
950120s gre d |
| 020 |
|
|
|a 960-256-065-7
|
| 035 |
|
|
|l 10010347
|
| 040 |
|
|
|a GR-MY-UA
|b gre
|e aacr
|
| 041 |
0 |
|
|a gre
|
| 082 |
0 |
|
|a 324.24495
|
| 100 |
1 |
|
|a Βερναρδάκης, Χριστόφορος.
|
| 245 |
1 |
0 |
|a Κόμματα και κοινωνικές συμμαχίες στην προδιδακτορική Ελλάδα :
|b οι προυποθέσεις της μεταπολίτευσης /
|c Χριστόφορος Βερναρδάκης; Γιάννης Μαυρής
|
| 260 |
|
|
|a Αθήνα :
|b Εξάντας,
|c 1991
|
| 300 |
|
|
|a 417 σ.
|
| 504 |
|
|
|a Περιέχει παράρτηματα, βιβλιογραφία, ευρετήριο
|
| 650 |
0 |
0 |
|a Political parties
|z Greece
|x History.
|
| 650 |
0 |
0 |
|a Political parties
|x Social aspects.
|
| 651 |
|
0 |
|a Greece
|x Politics and government
|y 20th century.
|
| 700 |
1 |
|
|a Μαυρής, Γιάννης.
|
| 852 |
|
|
|a INST
|b LESVOS
|e 19950120
|h 324.24495 ΒΕΡ
|p 005100003190
|q 005100003190
|t BK
|y 0
|
| 852 |
|
|
|a INST
|b LESVOS
|e 20050301
|h 324.24495 ΒΕΡ
|p 005100030173
|q 005100030173
|t BK
|y 0
|
| 852 |
|
|
|a INST
|b RHODES
|e 20020404
|h 324.24495 ΒΕΡ
|p 005400016570
|q 005400016570
|t BK
|y 0
|
| 901 |
|
|
|a BIBL4-2002-1
|
| 901 |
|
|
|a BIBL1-2005-1
|
| 909 |
|
|
|a Λ
|b 025072
|
| 909 |
|
|
|a Λ
|b 113598
|
| 909 |
|
|
|a Ρ
|b 101007
|
| 920 |
|
|
|a ΔΙΕΥΡΥΝΣΗ
|b ΕΠΕΑΕΚ/ΤΚ
|y ΛΕΣΒΟΣ
|z 2004-10
|